[Event "XVe Open International de l'Indre"]
[Site "Chateauroux - FRA"]
[Date "2014.10.28"]
[Round "5.14"]
[White "Palomar, Felix"]
[Black "Claudon, Andreas"]
[Result "1-0"]
[WhiteElo "1726"]
[BlackElo "1479"]
[Board "14"]
[Input " "]
[Owner "FFE"]

1.e4 e5 2.Nf3 Nc6 3.Bc4 d6 4.d4 Bg4 5.dxe5 Nxe5 6.Be2 Be6 7.Nc3 Nf6 
8.h3 Be7 9.Be3 Nc6 10.Qd2 Qd7 11.O-O-O O-O-O 12.Kb1 Kb8 13.Nd4 a6 14.
f4 Nxd4 15.Qxd4 c5 16.Qd2 Qc6 17.f5 Bc8 18.Bf3 Qc7 19.g4 h6 20.h4 b5 
21.g5 hxg5 22.hxg5 Rxh1 23.Rxh1 Ne8 24.Nd5 Qb7 25.Rh7 Bf8 26.f6 Be6 
27.Qa5 Rd7 28.Rh8 Bxd5 29.exd5 gxf6 30.Rxf8 Re7 31.Bf4 Qc7 32.Qxc7+ 
Kxc7 33.b3 fxg5 34.Bxg5 Re5 35.Rxf7+ Kc8 36.Bf4 Re1+ 37.Kb2 Rg1 38.
Bd2 b4 39.Ra7 Nc7 40.Be2 Rg2 41.Bxa6+ Nxa6 42.Rxa6 Rxd2 43.Rxd6 Kb7 
44.Kc1 Rd4 45.c4 bxc3 46.a4 Rb4 47.Kc2 c4 48.bxc4 Rxc4 49.a5 Rc5 50.
Rb6+ Ka7 51.Rd6 Rxa5 52.Kxc3 Kb7 53.Kd4 Kc7 54.Rh6 Kd7 55.Ke5 Rb5 56.
Rh7+ Kd8 57.Ke6 Rb1 58.Rg7 Rb2 59.Rg8+ Kc7 60.d6+ Kb7 61.Kd7 Rd2 62.
Rg4 Rb2 63.Rd4 Rb5 64.Ke7 Rc5 65.d7 Rc7 66.Ke8 Rc1 67.d8=Q Re1+ 68.
Kd7 Rb1 69.Qc8+ Kb6 70.Rd6+ Ka5 71.Qa6+ Kb4 72.Qb6+ Kc3 73.Qxb1 Kc4 
74.Qc1+ Kb5 75.Rd2 Ka4 76.Rb2 Ka3 77.Qa1# 1-0

[Event "XVe Open International de l'Indre"]
[Site "Chateauroux - FRA"]
[Date "2014.10.28"]
[Round "5.15"]
[White "Florence, Gerard"]
[Black "Rogier, Jean-Louis"]
[Result "1-0"]
[WhiteElo "1537"]
[BlackElo "1685"]
[Board "15"]
[Input " "]
[Owner "FFE"]

1.d4 d5 2.g3 Nf6 3.Bg2 e6 4.Nf3 Bd6 5.c4 c6 6.Nc3 Nbd7 7.O-O dxc4 8.
e4 Be7 9.a4 Qc7 10.Qe2 O-O 11.Bf4 Qb6 12.a5 Qd8 13.Qxc4 Nh5 14.Be3 
Bd6 15.e5 Be7 16.g4 Nhf6 17.exf6 Nxf6 18.Ne5 Nd5 19.Nxd5 exd5 20.Qc2 
f6 21.Nxc6 bxc6 22.Qxc6 Rb8 23.Qxd5+ Kh8 24.Qh5 g6 25.Qh4 f5 26.g5 
Rxb2 27.Rfd1 Rb4 28.f4 Bb7 29.d5 Re8 30.Bd4+ Kg8 31.Be5 Bxg5 32.Qf2 
Qa8 33.d6 Bxg2 34.Qa2+ Kf8 35.d7 Rxe5 36.fxg5 Rb8 37.Qa3+ Kf7 38.Qd6 
Rd5 39.Qf6+ Kg8 40.Qe6+ Kf8 41.Qf6+ Kg8 42.Qe6+ Kf8 43.Rdc1 Rxd7 44.
Qxd7 Rd8 45.Qe6 Bd5 46.Qf6+ Kg8 47.Rc7 1-0

[Event "XVe Open International de l'Indre"]
[Site "Chateauroux - FRA"]
[Date "2014.10.28"]
[Round "5.16"]
[White "Prevot, Rodolphe"]
[Black "Meunier-Pion, Jean"]
[Result "1-0"]
[WhiteElo "1922"]
[BlackElo "1730"]
[Board "16"]
[Input " "]
[Owner "FFE"]

1.Nf3 Nf6 2.c4 g6 3.b4 Bg7 4.Bb2 O-O 5.g3 d6 6.Bg2 e5 7.O-O Ne8 8.Qc2
f5 9.d3 Qe7 10.Nc3 c6 11.b5 Be6 12.Nd2 Nf6 13.a4 Rc8 14.Ba3 Qd7 15.
Nb3 f4 16.Rab1 Bh3 17.bxc6 bxc6 18.Na5 Bxg2 19.Kxg2 Qc7 20.Nb7 c5 21.
a5 Nbd7 22.a6 Qc6+ 23.Ne4 Nxe4 24.dxe4 Nf6 25.f3 Qxa6 26.Rb3 Rab8 27.
Qb2 Qxc4 28.Rd1 Rc6 29.Rdd3 Bf8 30.Na5 Rxb3 31.Rxb3 Qa6 32.Nxc6 Qxc6 
33.Rb7 d5 34.Rxa7 dxe4 35.Qxe5 exf3+ 36.exf3 Qb6 37.Ra8 Nd7 38.Qxf4 
Nf6 39.Qc4+ 1-0

[Event "XVe Open International de l'Indre"]
[Site "Chateauroux - FRA"]
[Date "2014.10.28"]
[Round "5.17"]
[White "Augonnet, Herve"]
[Black "Labbe, Georges"]
[Result "0-1"]
[WhiteElo "1682"]
[BlackElo "1819"]
[Board "17"]
[Input " "]
[Owner "FFE"]

1.e4 d6 2.d4 Nf6 3.Nc3 g6 4.Be3 c6 5.Qd2 b5 6.f3 Nbd7 7.Bh6 Bxh6 8.
Qxh6 Qa5 9.Qd2 Ba6 10.Bd3 Qb6 11.Qf2 c5 12.dxc5 dxc5 13.Nh3 c4 14.
Qxb6 Nxb6 15.Be2 b4 16.Nd1 Bc8 17.Nhf2 e5 18.Ne3 Be6 19.O-O-O O-O 20.
Rd6 Ne8 21.Rdd1 Kg7 22.Nfg4 f6 23.b3 cxb3 24.axb3 Nc7 25.Rd6 Nc8 26.
Rd2 a5 27.Kb2 a4 28.bxa4 Rxa4 29.Ra1 Nb6 30.Rdd1 Rfa8 31.Nf2 Ra3 32.
Rxa3 Rxa3 33.Bd3 Na4+ 34.Kc1 b3 35.cxb3 Bxb3 36.Bc2 Ra1+ 37.Kd2 Ra2 
38.Rb1 Nc5 39.Nd3 N7e6 40.Nxc5 Nxc5 41.Kc3 Bf7 42.Rb2 Ra3+ 43.Kd2 Ra7
44.Rb5 Ne6 45.Nd5 Rd7 46.Kc3 Nd4 47.Rc5 Bxd5 48.exd5 Ne2+ 49.Kd2 Nf4 
50.Kc3 Nxd5+ 51.Kb3 Ne3 52.g3 Nf1 53.f4 exf4 54.gxf4 Nxh2 55.Rc4 Nf1 
56.Kc3 Ne3 57.Rc8 Nd5+ 0-1

[Event "XVe Open International de l'Indre"]
[Site "Chateauroux - FRA"]
[Date "2014.10.28"]
[Round "5.18"]
[White "Le Bail, Stephane"]
[Black "Wierzbowska, Aleksandra"]
[Result "1-0"]
[WhiteElo "1754"]
[BlackElo "1409"]
[Board "18"]
[Input " "]
[Owner "FFE"]

1.d4 d5 2.Bf4 Nf6 3.e3 e6 4.Nd2 c5 5.c3 Nbd7 6.Ngf3 c4 7.Qc2 b5 8.e4 
Bb7 9.e5 Ng8 10.Be2 Ne7 11.Bg5 f6 12.exf6 gxf6 13.Bh4 e5 14.dxe5 fxe5
15.Ng5 Ng6 16.Bh5 Qb6 17.Qf5 O-O-O 18.Bg3 Bh6 19.Ndf3 Bxg5 20.Nxg5 
Rhf8 21.Qe6 Rde8 22.Qxb6 axb6 23.Nxh7 Rg8 24.Bg4 Re7 25.Bxd7+ Kd8 26.
Nf6 Rf8 27.Bxb5 Rxf6 28.O-O-O Kc7 29.Rhe1 Kd6 30.Bxc4 Kc5 31.Bb3 b5 
32.f3 e4 33.fxe4 dxe4 34.Bb8 Kb6 35.Bg3 e3 36.Rd6+ Rxd6 37.Bxd6 Re4 
38.Bc2 Re6 39.Bxg6 Rxg6 40.Bg3 Bxg2 41.Rxe3 Bd5 42.b3 Kc5 43.Re5 Ra6 
44.Kb2 Rf6 45.Re2 Rg6 46.Rd2 Rg4 47.Bf2+ Kc6 48.Bg3 Kc5 49.b4+ Kc4 
50.Bf2 Bf7 51.a3 Be8 52.Rd6 Re4 53.Rd4+ Rxd4 54.Bxd4 Kd3 55.h4 Kc4 
56.Kc2 Bg6+ 57.Kd2 Kb3 58.Ke3 Kxa3 59.Kf4 Kb3 60.Kg5 Be8 61.h5 Bxh5 
62.Kxh5 Kc4 63.Kg5 Kd3 64.Kf5 Kc2 65.Ke5 Kb3 66.Kd5 Ka3 67.Kc5 Ka4 
68.Bf6 1-0

[Event "XVe Open International de l'Indre"]
[Site "Chateauroux - FRA"]
[Date "2014.10.28"]
[Round "5.19"]
[White "Darre, Alain"]
[Black "Triboulet, Benjamin"]
[Result "1/2-1/2"]
[WhiteElo "1643"]
[BlackElo "1654"]
[Board "19"]
[Input " "]
[Owner "FFE"]

1.d4 d5 2.Nc3 Bf5 3.Bg5 h6 4.Bh4 g5 5.Bg3 c6 6.Qd2 Nd7 7.f3 Ngf6 8.
O-O-O e6 9.h4 Nb6 10.e3 g4 11.h5 Rg8 12.Bh4 Bb4 13.Re1 gxf3 14.gxf3 
Na4 15.Nge2 Qb6 16.Bxf6 Bxc3 17.bxc3 Qb2+ 18.Kd1 Qa1+ 19.Qc1 Nb2+ 20.
Kd2 Nc4+ 21.Kd1 Nb2+ 1/2-1/2

[Event "XVe Open International de l'Indre"]
[Site "Chateauroux - FRA"]
[Date "2014.10.28"]
[Round "5.20"]
[White "Cassonnet, Arnaud"]
[Black "Petit, Matthias"]
[Result "1/2-1/2"]
[WhiteElo "1730"]
[BlackElo "1263"]
[Board "20"]
[Input " "]
[Owner "FFE"]

1.e4 d5 2.exd5 Nf6 3.d4 Bg4 4.Be2 Bxe2 5.Nxe2 Qxd5 6.O-O Nc6 7.c4 
Qxc4 8.Na3 Qd5 9.Be3 O-O-O 10.Qc1 e6 11.Nc4 Bd6 12.b3 Bxh2+ 13.Kxh2 
Qh5+ 14.Kg1 Qxe2 15.Rd1 Qg4 16.f3 Qh4 17.Bf2 Qh5 18.a3 Rd5 19.Qc3 
Rhd8 20.Rac1 R8d7 21.a4 e5 22.b4 Nxd4 23.Bxd4 Rxd4 24.Rxd4 exd4 25.
Qd3 Qg5 26.Re1 Rd8 27.Re5 Qg6 28.Qd1 d3 29.b5 Nh5 30.a5 Nf4 31.g4 d2 
32.b6 axb6 33.axb6 Qb1 34.Qxb1 d1=Q+ 35.Qxd1 Rxd1+ 36.Kh2 Rc1 37.Re4 
Ne6 38.bxc7 Kxc7 39.f4 Rb1 40.Ne5 Nc5 41.Rc4 Kd6 42.Nxf7+ Kd5 43.Rc2 
Nd3 44.Rd2 Rb2 45.Rxb2 Nxb2 46.Kg3 Nd3 47.Kf3 Nc5 48.f5 b5 49.Ke3 b4 
50.Kd2 b3 51.Kc3 Ke4 52.Ng5+ Ke5 53.Nxh7 Kf4 54.f6 Ne4+ 55.Kxb3 Nxf6 
56.Nf8 Kxg4 57.Kc2 Kf3 58.Ng6 Nd5 59.Kd2 Nf4 60.Ne5+ Ke4 61.Nf7 Kf5 
62.Ke3 Nh5 63.Kf3 Kf6 64.Nd6 Ke5 65.Ne4 Nf6 66.Nf2 g5 67.Nd3+ Kf5 68.
Kg3 Ne4+ 69.Kg2 g4 70.Nb4 Kf4 71.Nd3+ Ke3 72.Ne5 g3 73.Ng4+ Kf4 74.
Nh6 Nc3 75.Nf7 Nd5 76.Kg1 Ne3 77.Kh1 g2+ 78.Kg1 Kg3 79.Ng5 Nf5 80.
Ne4+ Kf3 1/2-1/2

[Event "XVe Open International de l'Indre"]
[Site "Chateauroux - FRA"]
[Date "2014.10.28"]
[Round "5.21"]
[White "Sogny, Richard"]
[Black "Bohdanowicz, Nikola"]
[Result "1-0"]
[WhiteElo "1624"]
[BlackElo "1146"]
[Board "21"]
[Input " "]
[Owner "FFE"]

1.d4 Nf6 2.c4 e6 3.Nc3 Bb4 4.Qc2 Nc6 5.Nf3 b6 6.Bd2 Bb7 7.e4 Bxc3 8.
bxc3 d6 9.Bd3 h6 10.O-O O-O 11.Rfe1 Re8 12.h3 d5 13.cxd5 exd5 14.e5 
Nd7 15.Re3 Na5 16.Nh2 Nc4 17.Rg3 Nxd2 18.Qxd2 Re6 19.Ng4 Kf8 20.f4 c5
21.f5 Rc6 22.Bb5 Rc7 23.Bxd7 Rxd7 24.f6 Rc7 25.fxg7+ Ke7 26.Nxh6 Qd7 
27.Qg5+ f6 28.Qxf6+ Ke8 29.Qf8# 1-0

[Event "XVe Open International de l'Indre"]
[Site "Chateauroux - FRA"]
[Date "2014.10.28"]
[Round "5.22"]
[White "Zarebska, Lena"]
[Black "Daliga, Anita"]
[Result "0-1"]
[WhiteElo "1201"]
[BlackElo "1489"]
[Board "22"]
[Input " "]
[Owner "FFE"]

1.e4 e5 2.f4 Nc6 3.Nf3 d6 4.Bc4 h6 5.O-O Nf6 6.d3 Qe7 7.Be3 exf4 8.
Bxf4 Be6 9.Bxe6 fxe6 10.e5 Nd5 11.exd6 cxd6 12.Bd2 Qd7 13.Nc3 Nf6 14.
Qe2 d5 15.Rae1 Bc5+ 16.Kh1 Kf7 17.Ne5+ Nxe5 18.Qxe5 Rae8 19.Bf4 Kg8 
20.Qc7 Qxc7 21.Bxc7 Kh7 22.Na4 b6 23.Nxc5 bxc5 24.Bd6 a6 25.Bxc5 Kg6 
26.h3 e5 27.Bd6 e4 28.dxe4 Nxe4 29.Kh2 Nxd6 30.Kg3 Rxe1 31.Rxe1 Re8 
32.Kf2 Rxe1 33.Kxe1 Nc4 34.b3 Ne3 35.Kd2 Nxg2 36.Kc3 Nf4 37.Kb4 Nxh3 
38.Ka5 Nf4 39.Kxa6 h5 40.b4 h4 41.b5 Ne6 42.b6 h3 43.Ka7 Nc5 44.a4 h2
45.a5 h1=Q 46.b7 Nxb7 47.Kxb7 d4+ 48.Kb6 Qa8 49.a6 Kf5 0-1

[Event "XVe Open International de l'Indre"]
[Site "Chateauroux - FRA"]
[Date "2014.10.28"]
[Round "5.23"]
[White "Azen, Bernard"]
[Black "Krianga, Georgii"]
[Result "1-0"]
[WhiteElo "1540"]
[BlackElo "1277"]
[Board "23"]
[Input " "]
[Owner "FFE"]

1.d4 g6 2.c4 Bg7 3.Nc3 d6 4.e4 b6 5.Be2 Bb7 6.Nf3 Nf6 7.Qc2 O-O 8.Bg5
Nc6 9.a3 Re8 10.Rd1 Nd7 11.h4 h6 12.Be3 e5 13.d5 Ncb8 14.Qc1 Kh7 15.
g4 Rh8 16.h5 Kg8 17.Nh4 Nf8 18.Kd2 g5 19.Nf5 Nbd7 20.Bd3 Nc5 21.Bxc5 
bxc5 22.Kc2 a5 23.Qe3 Bc8 24.Rb1 Rb8 25.Qf3 Bd7 26.Ne2 Rb6 27.Neg3 f6
28.Be2 Kf7 29.Bd1 Qb8 30.Kc1 Nh7 31.Re1 Qb7 32.Nxg7 Kxg7 33.Nf5+ Bxf5
34.Qxf5 Qc8 35.Qg6+ Kf8 36.Re3 Qe8 37.Rf3 Ke7 38.Qxh6 Qf8 39.Qg6 Qf7 
40.Qf5 Nf8 41.Ba4 Rb8 42.Kc2 Qh7 43.Qxf6# 1-0

[Event "XVe Open International de l'Indre"]
[Site "Chateauroux - FRA"]
[Date "2014.10.28"]
[Round "5.24"]
[White "Clement, Christian"]
[Black "Bleau, Benoit"]
[Result "1-0"]
[WhiteElo "1403"]
[BlackElo "1278"]
[Board "24"]
[Input " "]
[Owner "FFE"]

1.e4 e5 2.Nf3 Nc6 3.Nc3 Bc5 4.Bc4 Nf6 5.h3 O-O 6.O-O Re8 7.Ng5 d5 8.
exd5 Nxd5 9.Nxd5 Be6 10.Nxe6 fxe6 11.Nc3 Qh4 12.d3 Na5 13.Ne4 Bb6 14.
Bg5 Bxf2+ 15.Rxf2 Qxf2+ 16.Nxf2 Nc6 17.Qg4 Nd4 18.c3 Nf5 19.Qxf5 Kh8 
20.Qxe5 Rf8 21.Bh6 Rg8 22.Bxe6 Rae8 23.Ne4 Re7 24.Ng5 Rge8 25.Rf1 c6 
26.Nf7+ 1-0

[Event "XVe Open International de l'Indre"]
[Site "Chateauroux - FRA"]
[Date "2014.10.28"]
[Round "6.1"]
[White "Bujisho, Benjamin"]
[Black "Battaglini, Gabriel"]
[Result "0-1"]
[WhiteElo "2350"]
[BlackElo "2430"]
[Board "1"]
[Input " "]
[Owner "FFE"]

1.d4 Nf6 2.Nf3 d5 3.c4 e6 4.e3 c5 5.a3 cxd4 6.exd4 Nc6 7.Nc3 Be7 8.
cxd5 Nxd5 9.Bc4 Nxc3 10.bxc3 O-O 11.O-O b6 12.Re1 Bb7 13.Ba2 Bf6 14.
Qd3 Rc8 15.Bf4 Ne7 16.Ne5 Nd5 17.Bd2 Bg5 18.c4 Bxd2 19.Qxd2 Nf6 20.
Rad1 Qd6 21.Re3 Rfd8 22.Bb1 b5 23.Rg3 Ne4 24.Bxe4 Bxe4 25.Qe1 Bc2 26.
Rd2 Ba4 27.Qe3 f6 28.Ng4 Rxc4 29.h4 Rdc8 30.h5 f5 31.Qe5 Rc1+ 32.Kh2 
Qxe5 33.Nxe5 Rd8 34.h6 Rc7 35.hxg7 a5 36.d5 Rxd5 37.Rxd5 exd5 38.Rd3 
Kxg7 39.Rxd5 Rc3 40.f4 Rxa3 41.Rd7+ Kf6 42.Rd6+ Ke7 43.Rb6 b4 44.g4 
Bc2 45.Nc6+ Kd7 46.Ne5+ Ke7 47.Nc6+ Ke8 48.g5 Be4 49.Nd4 Rd3 50.Ne6 
b3 0-1

[Event "XVe Open International de l'Indre"]
[Site "Chateauroux - FRA"]
[Date "2014.10.28"]
[Round "6.2"]
[White "Inkiov, Ventzislav"]
[Black "Malczyk, Jakub"]
[Result "1/2-1/2"]
[WhiteElo "2435"]
[BlackElo "2068"]
[Board "2"]
[Input " "]
[Owner "FFE"]

1.d4 d5 2.c4 e6 3.Nf3 c6 4.g3 f5 5.Bg2 Nf6 6.O-O Bd6 7.b3 Qe7 8.Bb2 
O-O 9.Nbd2 Nbd7 10.Ne5 Ne4 11.Qc2 Nxd2 12.Qxd2 Nxe5 13.dxe5 Bb4 14.
Bc3 Bxc3 15.Qxc3 b6 16.Rfc1 Bb7 17.c5 g5 18.Qb4 b5 19.a4 Ba6 20.e3 
bxa4 21.Rxa4 Bb5 22.Ra5 f4 23.exf4 gxf4 24.Rc3 Qg5 25.Rf3 Qh5 26.Ra1 
fxg3 27.Rxf8+ Rxf8 28.hxg3 a6 29.f4 Rf7 30.Re1 Rg7 31.Re3 Qf5 32.Qd2 
Rg6 33.Qa5 Qb1+ 34.Re1 Qd3 35.Qd8+ Kg7 36.Qe7+ Kg8 37.Qe8+ Kg7 
1/2-1/2

[Event "XVe Open International de l'Indre"]
[Site "Chateauroux - FRA"]
[Date "2014.10.28"]
[Round "6.3"]
[White "Liohki, Nikola"]
[Black "Viers, Emmanuel"]
[Result "1/2-1/2"]
[WhiteElo "2410"]
[BlackElo "2035"]
[Board "3"]
[Input " "]
[Owner "FFE"]

1.d4 d5 2.c4 e6 3.Nc3 Nf6 4.cxd5 exd5 5.Bg5 Be7 6.e3 O-O 7.Bd3 c6 8.
Qc2 Nbd7 9.Nf3 Re8 10.O-O Nf8 11.Rab1 Ng6 12.b4 a6 13.Na4 Bd6 14.Nc5 
h6 15.Bxf6 Qxf6 16.Rfc1 Nh4 17.Nxh4 Qxh4 18.g3 Qe7 19.Re1 b5 20.e4 
Bxc5 21.bxc5 Bh3 22.e5 Qe6 23.f4 g6 24.Kf2 h5 25.Qd2 a5 26.Re3 a4 27.
Rbe1 Kg7 28.Qc2 Ra7 29.Rf3 Bf5 30.Bxf5 Qxf5 31.Qxf5 gxf5 32.h3 Re6 
33.Rh1 Ra8 34.a3 Rh8 35.Ke3 Kf8 36.Kd3 Ke7 37.Kc3 Rg6 38.Re1 Rhg8 39.
Ree3 Kd7 40.Kd2 Ke7 41.Ke2 Ke6 42.Rc3 Ke7 43.Rfe3 Ke6 1/2-1/2

[Event "XVe Open International de l'Indre"]
[Site "Chateauroux - FRA"]
[Date "2014.10.28"]
[Round "6.4"]
[White "Letemple, Frederic"]
[Black "Sobry, Sebastien"]
[Result "0-1"]
[WhiteElo "1950"]
[BlackElo "2033"]
[Board "4"]
[Input " "]
[Owner "FFE"]

1.d4 Nf6 2.Bg5 e6 3.e4 Be7 4.e5 Nd5 5.Bxe7 Qxe7 6.c4 Nb6 7.Nc3 d6 8.
f4 dxe5 9.fxe5 O-O 10.Nf3 c5 11.dxc5 Rd8 12.Bd3 Nxc4 13.Qe2 Na5 14.b4
Nac6 15.a3 Nd7 16.O-O Nxc5 17.Bc2 Nd7 18.Qe4 Nf8 19.h4 a5 20.Ng5 f5 
21.exf6 gxf6 22.Nf3 axb4 23.axb4 Rxa1 24.Rxa1 Qxb4 25.Qe1 Qc5+ 26.Kh1
Kh8 27.Bb1 f5 28.h5 e5 29.Ba2 Be6 30.Bxe6 Nxe6 31.Qh4 Qf8 32.Rf1 Ncd4
33.Nxe5 Qg7 34.Nf3 Rg8 35.Qh2 Nxf3 36.Rxf3 Nd4 37.Nd5 Nxf3 0-1

[Event "XVe Open International de l'Indre"]
[Site "Chateauroux - FRA"]
[Date "2014.10.28"]
[Round "6.6"]
[White "Viers, Matthieu"]
[Black "Zarebski, Cezary"]
[Result "0-1"]
[WhiteElo "1794"]
[BlackElo "2025"]
[Board "6"]
[Input " "]
[Owner "FFE"]

1.e4 c5 2.Nc3 Nc6 3.f4 e6 4.Nf3 d5 5.g3 d4 6.Ne2 e5 7.d3 h5 8.f5 Be7 
9.c3 g6 10.fxg6 fxg6 11.Qa4 Bd7 12.Qb3 g5 13.h4 gxh4 14.Nxh4 Nf6 15.
Bh3 dxc3 16.Bxd7+ Qxd7 17.bxc3 O-O-O 18.Rb1 Na5 19.Qb5 Qxd3 20.Qxd3 
Rxd3 21.Ng6 Rh7 22.Nxe7+ Rxe7 23.Bg5 Rd6 24.Rxh5 Rf7 25.Bxf6 Rdxf6 
26.Rb5 b6 27.Rxe5 Rf1+ 0-1

[Event "XVe Open International de l'Indre"]
[Site "Chateauroux - FRA"]
[Date "2014.10.28"]
[Round "6.7"]
[White "Valette, Christian"]
[Black "Palomar, Felix"]
[Result "1-0"]
[WhiteElo "2042"]
[BlackElo "1726"]
[Board "7"]
[Input " "]
[Owner "FFE"]

1.Nf3 Nf6 2.d4 g6 3.c4 Bg7 4.Nc3 d5 5.Bg5 Ne4 6.Bh4 Nxc3 7.bxc3 dxc4 
8.Qa4+ Nd7 9.e3 O-O 10.Qxc4 Nb6 11.Qc5 Re8 12.Bb5 c6 13.Be2 Qd6 14.
Qxd6 exd6 15.O-O d5 16.a4 Bg4 17.Rfb1 Bc8 18.a5 Nd7 19.Nd2 c5 20.Bf3 
cxd4 21.cxd4 Nf6 22.Bxf6 Bxf6 23.Bxd5 Rb8 24.Ne4 Be7 25.Nc3 Rd8 26.
Bf3 Kg7 27.Nb5 a6 28.Nc7 Rd7 29.Nxa6 Ra8 30.Nc5 Bxc5 31.dxc5 Rc7 32.
a6 Rxa6 33.Rxa6 bxa6 34.c6 Kf6 35.g4 Ke7 36.g5 Kd6 37.Kg2 Ra7 38.Kf1 
a5 39.Ke1 a4 40.Kd2 a3 41.Ra1 Be6 42.Be4 a2 43.f3 Ra5 44.h4 Ra7 45.
Kc2 Ra3 46.Kd2 Ra5 47.Kc3 Ra3+ 48.Kd2 Kc7 49.Ke2 Kb6 50.Kd2 Ra5 51.
Kc2 Rc5+ 52.Kb2 Rb5+ 53.Kc3 Rb3+ 54.Kd4 Rb2 55.Ke5 Kc7 56.Bd5 Bxd5 
57.Kxd5 Rd2+ 58.Ke5 Kxc6 59.Kf6 Re2 60.Kxf7 Rxe3 61.Rxa2 Rxf3+ 62.Kg7
Rh3 63.Ra4 1-0

[Event "XVe Open International de l'Indre"]
[Site "Chateauroux - FRA"]
[Date "2014.10.28"]
[Round "6.8"]
[White "Gauthier, Cyrille"]
[Black "Florence, Gerard"]
[Result "1-0"]
[WhiteElo "2013"]
[BlackElo "1537"]
[Board "8"]
[Input " "]
[Owner "FFE"]

1.e4 d6 2.d4 Nf6 3.Nc3 g6 4.f4 Bg7 5.Nf3 Bg4 6.h3 Bxf3 7.Qxf3 e5 8.
dxe5 dxe5 9.fxe5 Nfd7 10.e6 Ne5 11.exf7+ Nxf7 12.Bd2 Ne5 13.Qg3 c6 
14.O-O-O Nbd7 15.Be2 Qc7 16.Bg5 h6 17.Bg4 hxg5 18.Rxd7 Qb6 19.Rxg7 
Nc4 20.b3 Qe3+ 21.Qxe3 Nxe3 22.Bf3 g4 23.Be2 Nxg2 24.Bxg4 Nf4 25.Rf1 
Rf8 26.Rd1 1-0

[Event "XVe Open International de l'Indre"]
[Site "Chateauroux - FRA"]
[Date "2014.10.28"]
[Round "6.9"]
[White "Gey, Marc-Emile"]
[Black "Kapala, Serge"]
[Result "1-0"]
[WhiteElo "1888"]
[BlackElo "1782"]
[Board "9"]
[Input " "]
[Owner "FFE"]

1.d4 d5 2.Nf3 Nf6 3.c4 c6 4.g3 e6 5.Bg2 Be7 6.O-O O-O 7.Nc3 Nbd7 8.
Nd2 Nb6 9.c5 Nbd7 10.b4 e5 11.Nb3 e4 12.a4 Ne8 13.b5 Bg5 14.Bxg5 Qxg5
15.bxc6 bxc6 16.Na5 Qg6 17.Rb1 f5 18.e3 Qf6 19.f3 Ba6 20.Rf2 Nxc5 21.
Nxd5 cxd5 22.dxc5 Nc7 23.fxe4 Qc3 24.Qd2 Qxd2 25.Rxd2 fxe4 26.Nc6 
Rfe8 27.Bf1 Bxf1 28.Kxf1 Re6 29.Nd4 Ra6 30.Rb7 Rf8+ 31.Kg2 Rc8 32.Nf5
1-0

[Event "XVe Open International de l'Indre"]
[Site "Chateauroux - FRA"]
[Date "2014.10.28"]
[Round "6.10"]
[White "Bleau, Adrien"]
[Black "Gedda, Peder"]
[Result "1/2-1/2"]
[WhiteElo "1752"]
[BlackElo "1801"]
[Board "10"]
[Input " "]
[Owner "FFE"]

1.e4 c5 2.Nf3 d6 3.d4 cxd4 4.Nxd4 Nf6 5.Nc3 a6 6.Be3 Qc7 7.f3 e5 8.
Nb3 Be7 9.Qd2 b5 10.O-O-O Bb7 11.Kb1 Nc6 12.g4 Na5 13.Nxa5 Qxa5 14.g5
Nd7 15.Nd5 Qxd2 16.Rxd2 Bxd5 17.Rxd5 O-O 18.h4 f5 19.exf5 Rxf5 20.f4 
Rff8 21.Bh3 exf4 22.Bxf4 Rxf4 23.Bxd7 Raf8 24.c3 Rf2 25.Kc1 Re2 26.
Rd2 Rxd2 27.Kxd2 Rf2+ 28.Kc1 Kf7 29.Rd1 h6 30.Rd2 Rf3 31.gxh6 gxh6 
32.Kc2 Rf4 33.h5 Rh4 34.Rf2+ Bf6 35.Be8+ Ke7 36.Bg6 a5 37.Kd3 b4 38.
cxb4 Rd4+ 39.Kc2 Rxb4 40.b3 Rg4 41.Re2+ Be5 42.Kd3 Rd4+ 43.Kc2 Rh4 
44.Kd3 Rh1 45.Re4 Ke6 46.Ra4 Rh3+ 47.Ke2 Bc3 48.Re4+ Kd5 49.Re3 Rh2+ 
50.Kd3 Be5 51.Re2 Rh4 52.Bf7+ Kc5 53.Re4 Rh3+ 54.Re3 Rh4 55.Re2 Rf4 
56.Be6 Rf6 57.Bd7 Bg3 58.Re6 Rf7 59.Be8 Rf2 60.Rxh6 Rxa2 61.Rg6 Be5 
62.Rg4 d5 63.Rg5 Bf4 64.Rf5 Rd2+ 65.Kc3 Rf2 66.Kd3 Rd2+ 67.Kc3 Bh6 
68.Bf7 Rd1 69.Kc2 Rd4 70.Bg8 Be3 71.Re5 Bf4 72.Rf5 Bg3 73.h6 Rh4 74.
Rxd5+ Kb4 75.h7 a4 76.bxa4 Kxa4 77.Kd3 Bf2 78.Rd7 Kb5 79.Ke2 Kc6 80.
Be6 Bd4 81.Rxd4 Rxh7 82.Kd3 Ra7 83.Ke4 Ra1 84.Rd5 Re1+ 85.Kf5 Rf1+ 
86.Kg6 Rf2 87.Rd1 Kc5 88.Rd5+ Kc6 89.Rd1 Kc5 90.Rd5+ Kc6 91.Rd3 Kc5 
92.Bf5 Kc4 93.Rd8 Kc5 94.Kf6 Kc6 95.Ke5 Re2+ 96.Be4+ Kc7 97.Rd5 Re1 
98.Rb5 Kc8 99.Rb6 Re2 100.Rc6+ Kd7 101.Rh6 Kc7 102.Rc6+ Kd7 103.Rb6 
Kc8 104.Rh6 Re1 105.Rh7 Rf1 106.Bf5+ Kb8 107.Ke6 Rd1 108.Be4 Rd4 109.
Bd5 Rg4 110.Kd6 Rg6+ 111.Kc5 Kc8 112.Be4 Rf6 113.Kd5 Kb8 114.Ke5 Rb6 
115.Rh8+ Kc7 116.Rh7+ Kb8 117.Bd5 Rg6 118.Be4 Rb6 119.Rh8+ Kc7 120.
Rh7+ Kb8 121.Kd5 Rf6 122.Kc5 Kc8 123.Bc6 Rf1 124.Kd6 Rf6+ 125.Kc5 Rf1
126.Be4 Kd8 127.Kd6 Ke8 128.Bd5 Kf8 129.Rc7 Rd1 130.Ke5 Re1+ 131.Be4 
Re2 1/2-1/2

[Event "XVe Open International de l'Indre"]
[Site "Chateauroux - FRA"]
[Date "2014.10.28"]
[Round "6.11"]
[White "Labbe, Georges"]
[Black "Trendowski, Michal"]
[Result "0-1"]
[WhiteElo "1819"]
[BlackElo "1569"]
[Board "11"]
[Input " "]
[Owner "FFE"]

1.e4 c5 2.d4 cxd4 3.c3 dxc3 4.Nxc3 e6 5.Bc4 a6 6.Nf3 Bc5 7.O-O Ne7 8.
Ng5 b5 9.Qf3 O-O 10.e5 bxc4 11.Qxa8 Nec6 12.Na4 Ba7 13.Ne4 Qa5 14.
Nec3 Qxe5 15.g3 Qc7 0-1

[Event "XVe Open International de l'Indre"]
[Site "Chateauroux - FRA"]
[Date "2014.10.28"]
[Round "6.12"]
[White "Chaudagne, Christophe"]
[Black "Budak, Rewi"]
[Result "1-0"]
[WhiteElo "2108"]
[BlackElo "1829"]
[Board "12"]
[Input " "]
[Owner "FFE"]

1.Nf3 c5 2.e4 Nc6 3.Bb5 a6 4.Bxc6 dxc6 5.d3 Bg4 6.h3 Bh5 7.Be3 e6 8.
Nbd2 Nf6 9.Qe2 Nd7 10.O-O-O f6 11.g4 Bf7 12.e5 Qa5 13.Kb1 b5 14.Bf4 
O-O-O 15.Bg3 Kb7 16.Bh4 Ra8 17.Ne4 Be7 18.c4 Bg6 19.Ka1 Qc7 20.Bg3 
fxe5 21.Neg5 Bf6 22.Nxe6 Qd6 23.Neg5 Rhe8 24.Ne4 Qe6 25.Rc1 b4 26.Qe3
Kb6 27.Nfd2 Be7 28.f3 a5 29.Rhe1 h6 30.Qg1 a4 31.Bf2 Ra5 32.f4 Bxe4 
33.Nxe4 a3 34.bxa3 Rxa3 35.f5 Qf7 36.Rb1 Ra4 37.Re2 Rea8 38.Reb2 Kc7 
39.Qe1 Qf8 40.Rc1 R8a5 41.Rcc2 Qa8 42.Qe2 Ra3 43.Nd2 Ra6 44.Kb1 Bf6 
45.Ne4 b3 46.Rxb3 Rxb3+ 47.axb3 Ra1+ 48.Kb2 Qa3+ 49.Kc3 Qb4+ 50.Kb2 
Ra3 51.Rc3 Ra5 52.Kb1 Nb6 53.Qb2 Be7 54.Rc1 Bf6 55.Be1 Qa3 56.Bxa5 
Qxa5 57.Qa2 Qb4 58.Qa7+ Kd8 59.Kc2 Be7 60.Ra1 Ke8 61.Qb8+ Kf7 62.Qxe5
1-0

[Event "XVe Open International de l'Indre"]
[Site "Chateauroux - FRA"]
[Date "2014.10.28"]
[Round "6.13"]
[White "Guillo, Nicolas"]
[Black "Prevot, Rodolphe"]
[Result "1/2-1/2"]
[WhiteElo "1900"]
[BlackElo "1922"]
[Board "13"]
[Input " "]
[Owner "FFE"]

1.d4 Nf6 2.c4 e6 3.Nc3 Bb4 4.Qc2 c5 5.a3 Bxc3+ 6.bxc3 d6 7.e4 Nc6 8.
Nf3 e5 9.dxe5 dxe5 10.Be2 O-O 11.Bg5 Qe7 12.O-O Be6 13.a4 h6 14.Bh4 
g5 15.Bg3 Nd7 16.Bd3 f6 17.a5 b6 18.axb6 Nxb6 19.Qe2 Rfd8 20.Rfd1 Rd7
21.h4 Rad8 22.Ne1 a5 23.Nc2 Rxd3 24.Rxd3 Nxc4 25.Ne3 Nxe3 26.Qxe3 Rb8
27.hxg5 hxg5 28.Qd2 Kf7 29.f3 Rb7 30.Bf2 Bc4 31.Rd6 Nd4 32.Rxd4 cxd4 
33.cxd4 Qb4 34.Be3 1/2-1/2

[Event "XVe Open International de l'Indre"]
[Site "Chateauroux - FRA"]
[Date "2014.10.28"]
[Round "6.14"]
[White "Rogier, Jean-Louis"]
[Black "Le Bail, Stephane"]
[Result "0-1"]
[WhiteElo "1685"]
[BlackElo "1754"]
[Board "14"]
[Input " "]
[Owner "FFE"]

1.d4 d5 2.Nf3 Nf6 3.Bf4 Bf5 4.e3 e6 5.h3 Bd6 6.Bxd6 Qxd6 7.Bd3 Ne4 8.
O-O O-O 9.Nbd2 h6 10.c3 Nxf2 11.Rxf2 Bxd3 12.Ne5 Bh7 13.Qh5 f6 14.
Raf1 Nd7 15.Ng6 Bxg6 16.Qxg6 Qe7 17.e4 Qf7 18.Qg3 c6 19.Rf4 Kh7 20.
Nf3 dxe4 21.Rxe4 f5 22.Rh4 Qf6 23.Re1 Rae8 24.Qd6 Nb6 25.Qg3 Nd5 26.
c4 Nb6 27.b3 Kg8 28.Ne5 g5 29.Rf4 Kh7 30.Rf2 Rd8 31.Rd2 Nd7 32.Rde2 
Rfe8 33.Nf3 Nf8 34.Rd2 Re7 35.Qf2 a6 36.Ne5 Ng6 37.Nd3 Qxd4 0-1

[Event "XVe Open International de l'Indre"]
[Site "Chateauroux - FRA"]
[Date "2014.10.28"]
[Round "6.15"]
[White "Daliga, Anita"]
[Black "Kessler, Stefan"]
[Result "1/2-1/2"]
[WhiteElo "1489"]
[BlackElo "2023"]
[Board "15"]
[Input " "]
[Owner "FFE"]

1.e4 c5 2.Nf3 e6 3.d4 cxd4 4.Nxd4 a6 5.Nc3 Qc7 6.Be2 Nf6 7.a3 b5 8.
Bd2 Bb7 9.f3 Bc5 10.Nb3 Ba7 11.Bg5 Qb6 12.Rf1 O-O 13.Bxf6 gxf6 14.Qd2
Qe3 15.Qd6 Rc8 16.h4 Bc6 17.g4 Bb6 18.Qh2 a5 19.Rh1 Na6 20.Qg3 b4 21.
Nd1 Qh6 22.Bxa6 Rxa6 23.axb4 a4 24.Nd2 Bb5 25.c3 Bc7 26.Qg2 Qf4 27.
Rh3 Rd6 28.c4 Bc6 29.b5 Ba5 30.Nc3 Qe3+ 31.Qe2 Qg1+ 32.Qf1 Qe3+ 33.
Qe2 Qg1+ 1/2-1/2